Legal issues in construction (Record no. 85440)

MARC details
000 -LEADER
fixed length control field 02552cam a2200517 4500
001 - CONTROL NUMBER
control field ##L133567
008 - FIXED-LENGTH DATA ELEMENTS--GENERAL INFORMATION
fixed length control field 060518n2006 000 0 eng u
035 ## - SYSTEM CONTROL NUMBER
System control number (Sirsi) u133567
041 0# - LANGUAGE CODE
Language code of text/sound track or separate title eng
050 04 - LIBRARY OF CONGRESS CALL NUMBER
Classification number 690.02642 $2 18
100 1# - MAIN ENTRY--PERSONAL NAME
Personal name Bingham, Tony
245 00 - TITLE STATEMENT
Title Legal issues in construction
Medium [multimedia]
260 ## - PUBLICATION, DISTRIBUTION, ETC.
Place of publication, distribution, etc. London
Name of publisher, distributor, etc. RICS
Date of publication, distribution, etc. 2006
300 ## - PHYSICAL DESCRIPTION
Extent 2
Type of unit CD-ROMs
505 2# - FORMATTED CONTENTS NOTE
Formatted contents note Day one: Chairman's welcome and keynote presentation -- Recent construction case law reviewed -- All change at the JCT : the new JCT 2005 contracts -- Focussing on Major Project Form (MPF) -- Scope of Contracts (Rights of Third Parties) Act 1999 -- Payment and adjudication : the recent Latham Review and the forthcoming DTI consultation -- The JCT framework agreement -- Partnering : does it work for projects or only for frameworks? -- Achieving project success with integrated teams -- Modern procurement is about long term relationships but how do you choose the right people? -- Appointing consultants : towards the common approach?
505 2# - FORMATTED CONTENTS NOTE
Formatted contents note Day two: Developing models of Public Private Partnership -- PFI : what are the risks for the construction contractor? -- The role of facilities management in PPP/PFI -- Adjudication overview -- The role of the Technology and Construction Court -- Recovering money/defending claims -- Delay analysis in construction and engineering disputes -- Mock mediation : interactive session
520 ## - SUMMARY, ETC.
Summary, etc. Gives videos, presentations and courses notes from this two day conference held in 2005.
650 24 - SUBJECT ADDED ENTRY--TOPICAL TERM
Topical term or geographic name entry element JCT STANDARD BUILDING CONTRACT (2005 EDITION)
650 24 - SUBJECT ADDED ENTRY--TOPICAL TERM
Topical term or geographic name entry element JCT MAJOR PROJECT CONSTRUCTION CONTRACT (2005 EDITION)
650 24 - SUBJECT ADDED ENTRY--TOPICAL TERM
Topical term or geographic name entry element CONTRACTS (RIGHTS OF THIRD PARTIES) ACT 1999
650 24 - SUBJECT ADDED ENTRY--TOPICAL TERM
Topical term or geographic name entry element JCT FRAMEWORK AGREEMENT (2005 EDITION)
650 24 - SUBJECT ADDED ENTRY--TOPICAL TERM
Topical term or geographic name entry element PRIVATE FINANCE INITIATIVE
650 24 - SUBJECT ADDED ENTRY--TOPICAL TERM
Topical term or geographic name entry element PUBLIC PRIVATE PARTNERSHIPS
651 #4 - SUBJECT ADDED ENTRY--GEOGRAPHIC NAME
Geographic name England and Wales
Chronological subdivision 1543-
690 ## - LOCAL SUBJECT ADDED ENTRY--TOPICAL TERM (OCLC, RLIN)
Topical term or geographic name as entry element BUILT ENVIRONMENT
700 1# - ADDED ENTRY--PERSONAL NAME
Personal name Helps, Dominic
700 1# - ADDED ENTRY--PERSONAL NAME
Personal name Jones, Neil F.
700 1# - ADDED ENTRY--PERSONAL NAME
Personal name Fox, Owen
700 1# - ADDED ENTRY--PERSONAL NAME
Personal name Holmes, Patrick
700 1# - ADDED ENTRY--PERSONAL NAME
Personal name Dodsworth, Catriona
700 1# - ADDED ENTRY--PERSONAL NAME
Personal name Baker, Huw
700 1# - ADDED ENTRY--PERSONAL NAME
Personal name Mosey, David
700 1# - ADDED ENTRY--PERSONAL NAME
Personal name Lofty, John
700 1# - ADDED ENTRY--PERSONAL NAME
Personal name Carter, Colin
700 1# - ADDED ENTRY--PERSONAL NAME
Personal name Hughes-D'Aeth, John
700 1# - ADDED ENTRY--PERSONAL NAME
Personal name Couzens, Alan
700 1# - ADDED ENTRY--PERSONAL NAME
Personal name Yule, Ian
700 1# - ADDED ENTRY--PERSONAL NAME
Personal name Moorman, Clive
700 1# - ADDED ENTRY--PERSONAL NAME
Personal name Sherman, Henry
700 1# - ADDED ENTRY--PERSONAL NAME
Personal name Peckett, Victoria
700 1# - ADDED ENTRY--PERSONAL NAME
Personal name Jackson, Rupert Matthew
Titles and other words associated with a name Sir
Dates associated with a name 1948-
700 1# - ADDED ENTRY--PERSONAL NAME
Personal name Mills, Richard
700 1# - ADDED ENTRY--PERSONAL NAME
Personal name Crossley, Gary
700 1# - ADDED ENTRY--PERSONAL NAME
Personal name Moorhouse, Don
942 ## - ADDED ENTRY ELEMENTS (KOHA)
Suppress in OPAC 0
Holdings
Withdrawn status Lost status Source of classification or shelving scheme Damaged status Not for loan Home library Current library Shelving location Date acquired Total Checkouts Full call number Barcode Date last seen Copy number Price effective from Koha item type
    Dewey Decimal Classification     London London RICS Boxes 13/06/2006   BASEMENT 7 30072447 06/08/2019 1 06/08/2019 Archive
    Dewey Decimal Classification     London London RICS Boxes 13/06/2006   BASEMENT 7 30072448 06/08/2019 2 06/08/2019 Reference material